000 00359nam a2200133Ia 4500
008 240624s9999 xx 000 0 und d
041 _aeng
082 _a331.702 SHE
100 _aSHEWARD STEVE
245 _aMOTIVATIONAL CAREER COUNSELLING AND COAC
260 _c2012
_aLondon
_bSage Publications
300 _axiii, : 206 : p. : cm. ; 24
365 _cGBP
_b30
999 _c19778
_d19778